| 000 | 00472nam a22001937a 4500 | ||
|---|---|---|---|
| 003 | MPLRDC | ||
| 005 | 20220104114625.0 | ||
| 008 | 210129b ||||| |||| 00| 0 eng d | ||
| 020 | _a962-04-0530-7 | ||
| 082 | _a830.8 DZLY v.4 | ||
| 100 | _a萧乾 | ||
| 245 |
_a负笈剑桥 _c |
||
| 250 | _a一版一刷 | ||
| 260 |
_a _b三联书店香港分店 _c1986 |
||
| 300 | _b平 | ||
| 490 | _a读者良友文库 | ||
| 650 | _a中国文学总集 | ||
| 942 |
_cBK _o830.8 DZLY v.4 |
||
| 999 |
_c8932 _d8922 |
||